000 01508cam a2200349 a 4500
001 15793226
003 NUST-PNEC
005 20170116180655.0
008 090626s2009 okuab b 001 0 eng
010 _a 2009024232
020 _a9781593702113
020 _a1593702116
035 _a(OCoLC)ocn419262871
040 _aDLC
_cPNEC
_dBTCTA
_dC#P
_dAGL
_dDLC
043 _an-us---
050 0 0 _aTK1193.U5
_bM45 2009
082 0 0 _a333.79 MEL
100 1 _aMelnyk, Markian M. W.
245 1 0 _aOffshore power :
_bbuilding renewable energy projects in U.S. waters /
_cMarkian M.W. Melnyk, Robert M. Andersen.
260 _aTulsa, Okla. :
_bPennWell Corp.,
_cc2009.
300 _axx, 476 p. :
_bill., maps (some col.) ;
_c24 cm.
500 _ahttp://www.amazon.com/Offshore-Power-Building-Renewable-Projects/dp/1593702116/ref=sr_1_1?s=books&ie=UTF8&qid=1409380816&sr=1-1&keywords=9781593702113
504 _aIncludes bibliographical references and index.
650 0 _aOffshore electric power plants
_zUnited States.
650 0 _aOcean energy resources.
_xME, IME
700 1 _aAndersen, Robert M.
856 4 2 _3Publisher description
_uhttp://www.loc.gov/catdir/enhancements/fy1214/2009024232-d.html
856 4 1 _3Table of contents only
_uhttp://www.loc.gov/catdir/enhancements/fy1214/2009024232-t.html
906 _a7
_bcbc
_corignew
_d1
_eecip
_f20
_gy-gencatlg
942 _2ddc
_cBK
999 _c60370
_d60370